Design mezinárodních institucí. Organizačně-kybernetický přístup

Možnosti a problémy štúdia designu medzinárodných inštitúcií. Design a úloha formálnych pravidiel. Inštitúcie ako nástroje prenosu informácií. Kybernetický model pre diagnostiku a design medzinárodných inštitúcií.

Salvato in:
Dettagli Bibliografici
Autore principale: Parízek, Michal
Natura: Capitolo di libro
Lingua:ceco
Soggetti:
Tags: Aggiungi Tag
Nessun Tag, puoi essere il primo ad aggiungerne!!

MARC

LEADER 00000naa a2200000 4500
001 0160263
005 20231208075500.7
041 0 |a cze 
044 |a CZ 
245 1 0 |a Design mezinárodních institucí. Organizačně-kybernetický přístup  |c Michal Parízek 
520 |a Možnosti a problémy štúdia designu medzinárodných inštitúcií. Design a úloha formálnych pravidiel. Inštitúcie ako nástroje prenosu informácií. Kybernetický model pre diagnostiku a design medzinárodných inštitúcií. 
610 2 0 |a dizajn 
610 2 0 |a informácie 
610 2 0 |a inštitúcia 
610 2 0 |a organizácie medzinárodné 
610 2 0 |a vzťahy medzinárodné 
100 1 |a Parízek, Michal